Giáo trình sơ cấp về khái niệm mỹ thuật mới : Bước đầu của nghệ thuật vẽ kết cấu người
Hướng dẫn phương pháp và kỹ xảo vẽ phác hoạ cơ thể con người. Tìm hiểu hình cơ bản về cơ thể và từng bộ phận con người, tỷ lệ về cơ thể, kết cấu cơ thể con người và những kỹ năng hội họa....
Tallennettuna:
| Päätekijä: | |
|---|---|
| Aineistotyyppi: | Kirja |
| Kieli: | Undetermined |
| Julkaistu: |
Hà Nội
Mỹ Thuật
2006
|
| Aiheet: | |
| Tagit: |
Lisää tagi
Ei tageja, Lisää ensimmäinen tagi!
|
| Thư viện lưu trữ: | Trung tâm Học liệu Trường Đại học Cần Thơ |
|---|
| LEADER | 01007nam a2200229Ia 4500 | ||
|---|---|---|---|
| 001 | CTU_113024 | ||
| 008 | 210402s9999 xx 000 0 und d | ||
| 020 | |c 19500 | ||
| 082 | |a 743.4 | ||
| 082 | |b Gi100 | ||
| 100 | |a Gia Bảo | ||
| 245 | 0 | |a Giáo trình sơ cấp về khái niệm mỹ thuật mới : | |
| 245 | 0 | |b Bước đầu của nghệ thuật vẽ kết cấu người | |
| 245 | 0 | |c Gia Bảo | |
| 260 | |a Hà Nội | ||
| 260 | |b Mỹ Thuật | ||
| 260 | |c 2006 | ||
| 520 | |a Hướng dẫn phương pháp và kỹ xảo vẽ phác hoạ cơ thể con người. Tìm hiểu hình cơ bản về cơ thể và từng bộ phận con người, tỷ lệ về cơ thể, kết cấu cơ thể con người và những kỹ năng hội họa. | ||
| 650 | |a Drawing,Figure drawing | ||
| 650 | |x Instruction,Technique | ||
| 904 | |i Giang | ||
| 980 | |a Trung tâm Học liệu Trường Đại học Cần Thơ | ||